00847cam a22002417a 4500003000500000005001700005008004100022010000900063011000900072035000900081040000900090082001600099111016000115245001400275260008000289300002200369650003100391650004600422650002800468650003400496650004200530700003300572CHAP20220817041207.0971013s1991 r 00010 d a8362 a9334 a8569 cCHAP a338.14bS4600aSeminario Las Implicaciones del Tratado de Libre Comercio entre México, Estados Unidos y Canadá en el Sector Agropecuariod(1991 :cMontecillo, Méx.) 0aPonencias aMontecillo, Méx. :bColegio de Postgraduados. Centro de Economía,c1991 a82 h.b; gráfs.04aMéxicoxComerciozE.U.A.14aAgriculturaxAspectos economicoszMexico.14aComercio internacional.14aMéxicoxComercioxCanadá.14aTratado Trilateral de Libre Comercio.0 aGarza Bueno, Laura E.ecomp.